000 00748nam a2200229Ia 4500
003 GCL
008 140319s9999 xx 000 0 ara d
040 _aGCL /
_cGCL
082 0 4 _a511
_bع ك
100 1 _aعبدالعزيز فهمى هيكل
245 1 0 _aالكمبيوتر والرياضة المالية /
_cعبدالعزيز فهمى هيكل
260 _a[S.N] :
_bدار الراتب الجامعية
490 _a
650 0 4 _aالحاسبات الالكترونية
650 0 4 _aباسيك
650 0 4 _aالبرامج
650 0 4 _aالرياضة
650 0 4 _aالرياضة التجارية
650 0 4 _aالرياضة التجارية والمالية
650 0 4 _aالرياضة المالية
942 _2ddc
_cBK
999 _c36229
_d36229